000 00506nam a2200193Ia 4500
003 GCL
008 140319s9999 xx 000 0 eng d
020 _a9812180362
040 _aGCL /
_cGCL
082 0 4 _a294.3
_bD E
100 1 _aDHAMMIKA, S.
245 1 0 _aENCOUNTERS WITH BUDDHISM /
_cDHAMMIKA, S.
260 _aتايلانــد :
_bBUDDHADHAMMA FOUNDATION ،
_c1997
300 _a18 CM ؛
_c142 P
650 0 4 _aBUDDHA
650 0 4 _aBUDDHISM
650 0 4 _aBUDDHISM - THAILAND
942 _2ddc
_cBK
999 _c1893
_d1893